000 00464nam a22001931a 4500
001 3648
003 OSt
005 20260204211858.0
008 050117s2001||||sp ||||||b||||||||||spa||
020 _a84481228958
050 _a005.13 S33c
082 _a005.13 S33c
100 _aSchild, Herbert
245 _aManual de referencia / Herbet Schildt
250 _a4
264 _aEspaña : McGraw-Hill
650 _a1.Lenguaje de ProgramaciónÌ
942 _2ddc
_cBK
999 _c3648
_d3648